<?xml version="1.0" encoding="UTF-8"?>
<record
    xmlns:xsi="http://www.w3.org/2001/XMLSchema-instance"
    xsi:schemaLocation="http://www.loc.gov/MARC21/slim http://www.loc.gov/standards/marcxml/schema/MARC21slim.xsd"
    xmlns="http://www.loc.gov/MARC21/slim">

  <leader>00941nas a2200265 454500</leader>
  <controlfield tag="001">30828</controlfield>
  <controlfield tag="005">20260407193508.0</controlfield>
  <controlfield tag="008">260407s1957####ag###########|||spa#d</controlfield>
  <controlfield tag="003">AR-UNSa-BCEJYS</controlfield>
  <datafield tag="040" ind1=" " ind2=" ">
    <subfield code="a">AR-UNSa-BCEJYS</subfield>
    <subfield code="b">spa</subfield>
    <subfield code="c">AR-UNSa-BCEJYS</subfield>
  </datafield>
  <datafield tag="080" ind1=" " ind2=" ">
    <subfield code="a">330(82)</subfield>
    <subfield code="x">Economia Argentina</subfield>
  </datafield>
  <datafield tag="245" ind1="1" ind2="0">
    <subfield code="a">Panorama de la econom&#xED;a Argentina</subfield>
  </datafield>
  <datafield tag="022" ind1=" " ind2=" ">
    <subfield code="a">0031-0905</subfield>
  </datafield>
  <datafield tag="264" ind1=" " ind2="1">
    <subfield code="a">Buenos Aires :</subfield>
    <subfield code="b">[s.n.]</subfield>
    <subfield code="c">1957</subfield>
  </datafield>
  <datafield tag="310" ind1=" " ind2=" ">
    <subfield code="a">Frecuencia: Trimestral
Cambia de Director a partir del IV Trimestre de 1969, N&#xBA; 41 por Joaqu&#xED;n Llamb&#xED;as</subfield>
  </datafield>
  <datafield tag="041" ind1=" " ind2=" ">
    <subfield code="a">spa</subfield>
  </datafield>
  <datafield tag="942" ind1=" " ind2=" ">
    <subfield code="c">SER</subfield>
  </datafield>
  <datafield tag="590" ind1=" " ind2=" ">
    <subfield code="a">niveau_biblio:s niveau_hierar:1</subfield>
  </datafield>
  <datafield tag="100" ind1="1" ind2=" ">
    <subfield code="a">Moyano Llerena, Carlos</subfield>
  </datafield>
  <datafield tag="650" ind1=" " ind2=" ">
    <subfield code="a">Condiciones econ&#xF3;micas</subfield>
  </datafield>
  <datafield tag="650" ind1=" " ind2=" ">
    <subfield code="a">Comportamiento econ&#xF3;mico</subfield>
  </datafield>
  <datafield tag="650" ind1=" " ind2=" ">
    <subfield code="a">Recursos econ&#xF3;micos</subfield>
  </datafield>
  <datafield tag="650" ind1=" " ind2=" ">
    <subfield code="a">ECONOMIA ARGENTINA</subfield>
  </datafield>
  <datafield tag="856" ind1="4" ind2="1">
    <subfield code="u">https://biblioeco.unsa.edu.ar/pmb/images/revistas/Panorama de la economia Argentina-r14864.jpg</subfield>
    <subfield code="y">Imagen de portada</subfield>
    <subfield code="q">image/jpeg</subfield>
  </datafield>
  <datafield tag="999" ind1=" " ind2=" ">
    <subfield code="c">8697</subfield>
    <subfield code="d">8697</subfield>
  </datafield>
  <datafield tag="952" ind1=" " ind2=" ">
    <subfield code="0">0</subfield>
    <subfield code="1">0</subfield>
    <subfield code="4">0</subfield>
    <subfield code="7">0</subfield>
    <subfield code="a">BCEJYS</subfield>
    <subfield code="b">BCEJYS</subfield>
    <subfield code="c">17</subfield>
    <subfield code="d">1970-04-01</subfield>
    <subfield code="h">Vol. VI, N&#xBA; 43 - abr./jun. 1970</subfield>
    <subfield code="l">0</subfield>
    <subfield code="o">H330(82) PAN 43</subfield>
    <subfield code="p">R14866</subfield>
    <subfield code="r">2026-04-10 16:08:57</subfield>
    <subfield code="w">2026-04-10</subfield>
    <subfield code="y">RN</subfield>
  </datafield>
  <datafield tag="952" ind1=" " ind2=" ">
    <subfield code="0">0</subfield>
    <subfield code="1">0</subfield>
    <subfield code="4">0</subfield>
    <subfield code="7">0</subfield>
    <subfield code="a">BCEJYS</subfield>
    <subfield code="b">BCEJYS</subfield>
    <subfield code="c">17</subfield>
    <subfield code="d">1969-10-01</subfield>
    <subfield code="h">Vol. VI, N&#xBA; 41 - oct./dic. 1969</subfield>
    <subfield code="l">0</subfield>
    <subfield code="o">H330(82) PAN 41</subfield>
    <subfield code="p">R14865</subfield>
    <subfield code="r">2026-04-10 16:08:57</subfield>
    <subfield code="w">2026-04-10</subfield>
    <subfield code="y">RN</subfield>
  </datafield>
  <datafield tag="952" ind1=" " ind2=" ">
    <subfield code="0">0</subfield>
    <subfield code="1">0</subfield>
    <subfield code="4">0</subfield>
    <subfield code="7">0</subfield>
    <subfield code="a">BCEJYS</subfield>
    <subfield code="b">BCEJYS</subfield>
    <subfield code="c">17</subfield>
    <subfield code="d">1968-10-01</subfield>
    <subfield code="h">Vol. VI, N&#xBA; 40 - oct./dic. 1968</subfield>
    <subfield code="l">0</subfield>
    <subfield code="o">H330(82) PAN 40</subfield>
    <subfield code="p">R14864</subfield>
    <subfield code="r">2026-04-10 16:08:57</subfield>
    <subfield code="w">2026-04-10</subfield>
    <subfield code="y">RN</subfield>
  </datafield>
  <datafield tag="952" ind1=" " ind2=" ">
    <subfield code="0">0</subfield>
    <subfield code="1">0</subfield>
    <subfield code="4">0</subfield>
    <subfield code="7">0</subfield>
    <subfield code="a">BCEJYS</subfield>
    <subfield code="b">BCEJYS</subfield>
    <subfield code="c">17</subfield>
    <subfield code="d">1968-07-01</subfield>
    <subfield code="h">Vol. VI, N&#xBA; 39 - jul./sep. 1968</subfield>
    <subfield code="l">0</subfield>
    <subfield code="o">H330(82) PAN 39</subfield>
    <subfield code="p">R14863</subfield>
    <subfield code="r">2026-04-10 16:08:57</subfield>
    <subfield code="w">2026-04-10</subfield>
    <subfield code="y">RN</subfield>
  </datafield>
  <datafield tag="952" ind1=" " ind2=" ">
    <subfield code="0">0</subfield>
    <subfield code="1">0</subfield>
    <subfield code="4">0</subfield>
    <subfield code="7">0</subfield>
    <subfield code="a">BCEJYS</subfield>
    <subfield code="b">BCEJYS</subfield>
    <subfield code="c">17</subfield>
    <subfield code="d">1968-01-01</subfield>
    <subfield code="h">Vol. VI, N&#xBA; 37 - ene./mar. 1968</subfield>
    <subfield code="l">0</subfield>
    <subfield code="o">H330(82) PAN 37</subfield>
    <subfield code="p">R14862</subfield>
    <subfield code="r">2026-04-10 16:08:57</subfield>
    <subfield code="w">2026-04-10</subfield>
    <subfield code="y">RN</subfield>
  </datafield>
  <datafield tag="952" ind1=" " ind2=" ">
    <subfield code="0">0</subfield>
    <subfield code="1">0</subfield>
    <subfield code="4">0</subfield>
    <subfield code="7">0</subfield>
    <subfield code="a">BCEJYS</subfield>
    <subfield code="b">BCEJYS</subfield>
    <subfield code="c">17</subfield>
    <subfield code="d">1967-07-01</subfield>
    <subfield code="h">Vol. V, N&#xBA; 35 - jul./sep. 1967</subfield>
    <subfield code="l">0</subfield>
    <subfield code="o">H330(82) PAN 35</subfield>
    <subfield code="p">R14861</subfield>
    <subfield code="r">2026-04-10 16:08:57</subfield>
    <subfield code="w">2026-04-10</subfield>
    <subfield code="y">RN</subfield>
  </datafield>
  <datafield tag="952" ind1=" " ind2=" ">
    <subfield code="0">0</subfield>
    <subfield code="1">0</subfield>
    <subfield code="4">0</subfield>
    <subfield code="7">0</subfield>
    <subfield code="a">BCEJYS</subfield>
    <subfield code="b">BCEJYS</subfield>
    <subfield code="c">17</subfield>
    <subfield code="d">1967-01-01</subfield>
    <subfield code="h">Vol. V, N&#xBA; 33 - ene./mar. 1967</subfield>
    <subfield code="l">0</subfield>
    <subfield code="o">H330(82) PAN 33</subfield>
    <subfield code="p">R14860</subfield>
    <subfield code="r">2026-04-10 16:08:57</subfield>
    <subfield code="w">2026-04-10</subfield>
    <subfield code="y">RN</subfield>
  </datafield>
  <datafield tag="952" ind1=" " ind2=" ">
    <subfield code="0">0</subfield>
    <subfield code="1">0</subfield>
    <subfield code="4">0</subfield>
    <subfield code="7">0</subfield>
    <subfield code="a">BCEJYS</subfield>
    <subfield code="b">BCEJYS</subfield>
    <subfield code="c">17</subfield>
    <subfield code="d">1966-01-01</subfield>
    <subfield code="h">Vol. V, N&#xBA; 29 - ene./mar. 1966</subfield>
    <subfield code="l">0</subfield>
    <subfield code="o">H330(82) PAN 29</subfield>
    <subfield code="p">R14859</subfield>
    <subfield code="r">2026-04-10 16:08:57</subfield>
    <subfield code="w">2026-04-10</subfield>
    <subfield code="y">RN</subfield>
  </datafield>
  <datafield tag="952" ind1=" " ind2=" ">
    <subfield code="0">0</subfield>
    <subfield code="1">0</subfield>
    <subfield code="4">0</subfield>
    <subfield code="7">0</subfield>
    <subfield code="a">BCEJYS</subfield>
    <subfield code="b">BCEJYS</subfield>
    <subfield code="c">17</subfield>
    <subfield code="d">1965-10-01</subfield>
    <subfield code="h">Vol. IV, N&#xBA; 28 - oct./dic. 1965</subfield>
    <subfield code="l">0</subfield>
    <subfield code="o">H330(82) PAN 28</subfield>
    <subfield code="p">R14858</subfield>
    <subfield code="r">2026-04-10 16:08:57</subfield>
    <subfield code="w">2026-04-10</subfield>
    <subfield code="y">RN</subfield>
  </datafield>
  <datafield tag="952" ind1=" " ind2=" ">
    <subfield code="0">0</subfield>
    <subfield code="1">0</subfield>
    <subfield code="4">0</subfield>
    <subfield code="7">0</subfield>
    <subfield code="a">BCEJYS</subfield>
    <subfield code="b">BCEJYS</subfield>
    <subfield code="c">17</subfield>
    <subfield code="d">1965-07-01</subfield>
    <subfield code="h">Vol. IV, N&#xBA; 27 - jul./sep. 1965</subfield>
    <subfield code="l">0</subfield>
    <subfield code="o">H330(82) PAN 27</subfield>
    <subfield code="p">R14857</subfield>
    <subfield code="r">2026-04-10 16:08:57</subfield>
    <subfield code="w">2026-04-10</subfield>
    <subfield code="y">RN</subfield>
  </datafield>
  <datafield tag="952" ind1=" " ind2=" ">
    <subfield code="0">0</subfield>
    <subfield code="1">0</subfield>
    <subfield code="4">0</subfield>
    <subfield code="7">0</subfield>
    <subfield code="a">BCEJYS</subfield>
    <subfield code="b">BCEJYS</subfield>
    <subfield code="c">17</subfield>
    <subfield code="d">1965-04-01</subfield>
    <subfield code="h">Vol. IV, N&#xBA; 26 - abr./jun. 1965</subfield>
    <subfield code="l">0</subfield>
    <subfield code="o">H330(82) PAN 26</subfield>
    <subfield code="p">R14856</subfield>
    <subfield code="r">2026-04-10 16:08:57</subfield>
    <subfield code="w">2026-04-10</subfield>
    <subfield code="y">RN</subfield>
  </datafield>
  <datafield tag="952" ind1=" " ind2=" ">
    <subfield code="0">0</subfield>
    <subfield code="1">0</subfield>
    <subfield code="4">0</subfield>
    <subfield code="7">0</subfield>
    <subfield code="a">BCEJYS</subfield>
    <subfield code="b">BCEJYS</subfield>
    <subfield code="c">17</subfield>
    <subfield code="d">1964-01-01</subfield>
    <subfield code="h">Vol. IV, N&#xBA; 25 - ene./mar. 1964</subfield>
    <subfield code="l">0</subfield>
    <subfield code="o">H330(82) PAN 25</subfield>
    <subfield code="p">R14855</subfield>
    <subfield code="r">2026-04-10 16:08:57</subfield>
    <subfield code="w">2026-04-10</subfield>
    <subfield code="y">RN</subfield>
  </datafield>
  <datafield tag="952" ind1=" " ind2=" ">
    <subfield code="0">0</subfield>
    <subfield code="1">0</subfield>
    <subfield code="4">0</subfield>
    <subfield code="7">0</subfield>
    <subfield code="a">BCEJYS</subfield>
    <subfield code="b">BCEJYS</subfield>
    <subfield code="c">17</subfield>
    <subfield code="d">1964-01-01</subfield>
    <subfield code="h">Vol. IV, N&#xBA; 24 - ene. 1964</subfield>
    <subfield code="l">0</subfield>
    <subfield code="o">H330(82) PAN 24</subfield>
    <subfield code="p">R14854</subfield>
    <subfield code="r">2026-04-10 16:08:57</subfield>
    <subfield code="w">2026-04-10</subfield>
    <subfield code="y">RN</subfield>
  </datafield>
  <datafield tag="952" ind1=" " ind2=" ">
    <subfield code="0">0</subfield>
    <subfield code="1">0</subfield>
    <subfield code="4">0</subfield>
    <subfield code="7">0</subfield>
    <subfield code="a">BCEJYS</subfield>
    <subfield code="b">BCEJYS</subfield>
    <subfield code="c">17</subfield>
    <subfield code="d">1963-09-01</subfield>
    <subfield code="h">Vol. IV, N&#xBA; 23 - sep./nov. 1963</subfield>
    <subfield code="l">0</subfield>
    <subfield code="o">H330(82) PAN 23</subfield>
    <subfield code="p">R00945</subfield>
    <subfield code="r">2026-04-10 16:08:57</subfield>
    <subfield code="w">2026-04-10</subfield>
    <subfield code="y">RN</subfield>
  </datafield>
  <datafield tag="952" ind1=" " ind2=" ">
    <subfield code="0">0</subfield>
    <subfield code="1">0</subfield>
    <subfield code="4">0</subfield>
    <subfield code="7">0</subfield>
    <subfield code="a">BCEJYS</subfield>
    <subfield code="b">BCEJYS</subfield>
    <subfield code="c">17</subfield>
    <subfield code="d">1963-06-01</subfield>
    <subfield code="h">Vol. IV, N&#xBA; 22 - jun./ago. 1963</subfield>
    <subfield code="l">0</subfield>
    <subfield code="o">H330(82) PAN 22</subfield>
    <subfield code="p">R14852</subfield>
    <subfield code="r">2026-04-10 16:08:57</subfield>
    <subfield code="w">2026-04-10</subfield>
    <subfield code="y">RN</subfield>
  </datafield>
</record>
